German Flags- Old and New - Statistics

General Stats
  • This quiz has been taken 29 times
  • The average score is 8 of 16
Answer Stats
Picture Answer % Correct
Prussia
92%
Germany
82%
East Germany
80%
Holy Roman Empire
78%
German Empire
76%
Bavaria
72%
Saxony
68%
West Germany
67%
Berlin
61%
The Third Reich of Nazi Germany
59%
Hamburg
53%
Rhineland-Palatinate
41%
Brandenburg
38%
Saarland
37%
Weimar Republic
33%
Baden-Württemberg
32%
Lower Saxony
32%
North Rhine-Westphalia
32%
Bremen
31%
Saxony-Anhalt
25%
Schleswig-Holstein
19%
Hesse
18%
Thuringia
14%
Mecklenburg–Western Pomerania
5%
No matching quizzes found
Score Distribution
Percent of People with Each Score
Percentile by Number Answered
Your Score History
You have not taken this quiz